000 005130000a22001570004500
003 MACL
005 20170919124028.0
008 170919b xxu||||| |||| 00| 0 eng d
040 _cmacl
100 _aकुमार,वंसत
_969145
245 _aबंजर भूमि का विकास कैसे करें
260 _bअंकुर प्रकाशन
_c2002
_aइलाहाबाद
350 _a30
650 _aचिल्‍ड्रन
_969146
942 _cHIN
_k741.642
_2ddc
999 _c18664
_d18664